000 00836nas a2200265 4500
001 BR2011008056
003 BR-BrBNA
005 20231205115854.0
007 ta
008 230509b bl.|||p| |||| 00| 00por d
040 _aBR-BrBNA
_bpor
_cBiblioteca Nacional de Agricultura
041 _a(Es)
072 _aU10; K10
100 1 _aMena, C.
100 1 _aOrmazábal, Y.
100 1 _aSantelices, R.
100 1 _aGajardo, J.
245 1 _aÍndices de área verde y cobertura vegetal para la ciudade de Parral (Chile), mediante fotointerpretación y sig
650 _aÁREA VERDE
650 _aURBANIZAÇÃO
650 _aFOTOINTERPRETAÇÃO
773 0 _tCiência Florestal (Brazil)
_xISSN 0103-9954
_g(Jul-Sep 2011), v. 21(3) p. 521-531
_wBR2011008056
909 _a202311
_bLúcia
_c55
_dLúcia Elande
942 _2AGRIS
_n0
_cANA
999 _c216100
_d216100